Buteurs de la finale de la Coupe du Monde - Mort subite - Statistiques

Statistiques générales
  • Ce quiz a été pris 175 fois
  • Le résultat moyen est 8 sur 12
Answers on the Grid
Answers color-coded by a green-red scale on the quiz's grid according to % correct below.
Mario Götze
Lionel Messi
Ángel Di María
Kylian Mbappé
Antoine Griezmann
Paul Pogba
Ivan Perišić
Mario Mandžukić
Andrés Iniesta
Marco Materazzi
Zinédine Zidane
Ronaldo
Miroslav Klose
Ronaldinho
Thierry Henry
Francesco Totti
Robin van Persie
Arjen Robben
Xavi
Olivier Giroud
Luka Modrić
Julián Álvarez
Ousmane Dembélé
Neymar
Thomas Müller
Mesut Özil
Randal Kolo Muani
Christiano Ronaldo
 
Statistiques - réponses
Réponse % Correct
Kylian Mbappé
87%
Zinédine Zidane
84%
Lionel Messi
77%
Paul Pogba
76%
Andrés Iniesta
72%
Antoine Griezmann
72%
Mario Götze
72%
Ángel Di María
70%
Mario Mandžukić
65%
Ronaldo
61%
Ivan Perišić
56%
Marco Materazzi
55%
Aucun quiz correspondant
Distribution des résultats
% des personnes avec chaque résultat
Percentile par nombre de réponses
Votre historique - résultats
Vous n’avez pas pris ce quiz